The Americas (except US) Geography by letter - B - Statistics

General Stats
  • This quiz has been taken 1,398 times
    1,377 since last reset
  • The average score is 14 of 20
Answer Stats
Hint Answer % Correct
Largest South American country Brazil
100%
The capital of the above Brasilia
97%
Country of 700 islands east of Florida Bahamas
96%
English speaking country in Central America Belize
96%
Capital of Colombia Bogota
94%
Capital of Argentina Buenos Aires
93%
Caribbean country Barbados
92%
Country named after the Liberator Bolivia
91%
Second half of Antigua Barbuda
82%
British colony in the Atlantic Bermuda
76%
Canada's largest island Baffin Island
73%
Canadian province British Columbia
72%
Large peninsula south of Tijuana Baja California
67%
Capital of the above Bridgetown
61%
Capital of St. Kitts and Nevis. The name translates to "low land" Basseterre
49%
Third largest metro area of Brazil Belo Horizonte
41%
Part of the Caribbean Netherlands Bonaire
31%
Called taiga in Russia, this forest is a thousand kms wide and stretches from Newfoundland to Yukon Territory. Boreal
17%
The Mackenzie River empties into this sea north of Yukon and North West Territories and west of the Arctic Islands Beaufort Sea
15%
Second largest city in Manitoba. Also a boy's name. Brandon
15%
No matching quizzes found
Score Distribution
Percent of People with Each Score
Percentile by Number Answered
Your Score History
You have not taken this quiz since the last reset